000 00735cam a2200289 i 4500
001 0000873
003 DO-SdBPM
005 20250523131515.0
007 0000873
008 100514s 201u sp a | |||| 000 f spa
015 _a
017 _a
_b
020 _a8430571256
035 _a
040 _aDO-SdBPM
_bspa
_cBPMSU
_e
080 _a
082 4 _a808.83
_bM211me
_222
245 0 3 _aEl mago Merlín
_h
260 _aMadrid, España :
_bSusaeta ediciones,
_c[201-].
300 _a[16] p.:
_bil.
_c30 cm.
490 0 _aArlequín
590 _aInventariado, 2025/VM
650 4 _aCuentos infantiles
650 4 _aLibros ilustrados para niños
910 _aVMateo V. Control de calidad. BPMSU
942 _2ddc
_cBK
999 _c12284
_d12284